| 000 | 00557nam a2200169Ia 4500 | ||
|---|---|---|---|
| 008 | 100122s9999 xx 000 0 und d | ||
| 082 |
_b65927 _a808.4 |
||
| 100 | _aREGO A G | ||
| 245 | _aAIDS TO ENGLISH COMPOSITION PART V - ESSAYS (क.क्र.14/4) | ||
| 260 |
_bBETTER YOUR SELF BOOKS _c1981 |
||
| 300 | _a135 | ||
| 520 | _aPART V - ESSAYS | ||
| 620 | _aPART V - ESSAYS | ||
| 630 | _aAIDS TO ENGLISH COMPOSITION PART V - ESSAYS (क.क्र.14/4) | ||
| 730 | _aAIDS TO ENGLISH COMPOSITION PART V - ESSAYS (क.क्र.14/4) | ||
| 942 | _cBOOK | ||
| 999 |
_c380274 _d380271 |
||